000 00498nam a2200193 4500
003 KOHA_MİRAKIL
005 20260311094052.0
008 260311b tu ||||| |||| 00| 0 tur d
020 _a9783967040548
040 _aDLC
_beng
041 _aeng
050 0 _aNK 1462 .Z9
_bH392 2022
100 _aKlanten, Robert.
245 1 0 _aJaime Hayon
260 _aBerlin :
_bGestalten,
_c2022.
300 _a299 p.
_bill.
_c30 cm
650 0 _aArt in interior decoration.
_99655
942 _2lcc
_cBK
999 _c26050
_d26050